000 00728nam a22002417a 4500
001 BR9100828
003 BR-BrBNA
005 20230928093524.0
007 ta
008 230509b bl.||||| |||| 00| 0 por d
040 _aBR-BrBNA
_bpor
_cBiblioteca Nacional de Agricultura
041 _a(Por)
072 _aF00; F30
_b0180
_b/G514
090 _ 0180 BR9100828
110 1 _aOrganizacao das Cooperativas do Estado do Parana, Cascavel (Brasil)
_97725
245 1 _aAta da 3. Reuniao da Comissao Centro-Sul Brasileira de pesquisa de trigo para 1987
260 3 _aCascavel, PR (Brasil):
_c1987.
300 _a190 p.
650 _aTRIGO
650 _aPESQUISA AGRICOLA
909 _a202309
_bLucia
_c55
_dLucia Elande
942 _cBK
999 _c45482
_d45482